000 00652nam a22002297a 4500
001 7868
003 BD-RjUL
005 20211208234504.0
008 140116s1929 - ||||| |||| 001 0 eng d
035 _a(BD-RjUL)7912
040 _aBD-RjUL
_beng
_cBD-RjUL
_dBD-RjUL
041 _aeng
082 0 4 _a338.476151
_bMUS 1929
100 1 _aMunby, Alan E .
_924550
245 1 0 _aSchool laboratory fittings /
_c Alan E . Munby.
260 _aLondon :
_bBell,
_c 1929.
300 _avii, 88 p.:
_c26 cm.
504 _a Includes index.
650 0 _a Laboratories -- Furniture, equipment, etc. .
_924551
650 0 _a Laboratories
_924552
942 _2ddc
_cBK
999 _c7868
_d7868